Poland your business partner.
| Format: | Book |
|---|---|
| Published: |
Warszawa:
Foreign Trade Research Institute,
2000.
|
| Subjects: |
| LEADER | 00429cam a2200145 7i4500 | ||
|---|---|---|---|
| 001 | 0000010035 | ||
| 005 | 20010822090000.0 | ||
| 020 | 0 | 0 | |a 8387205494 |
| 090 | 0 | 0 | |a POLD 338.7 |b POL |
| 245 | 0 | 0 | |a Poland your business partner. |
| 260 | 0 | 0 | |a Warszawa: |b Foreign Trade Research Institute, |c 2000. |
| 300 | # | # | |a 142 p. |
| 650 | 0 | 0 | |a Business -- |x Guidebooks -- |z Poland |
| 651 | 0 | 0 | |a Poland |
| 999 | |a 0000012658 |b Book |c Countries |e Business Information Centre | ||


